Catálogo
 En Linea
Vista normal Vista MARC

Entrada Término temático

Número de registros utilizados en: 1

001 - NÚMERO DE CONTROL

  • campo de control: 54583

003 - IDENTIFICADOR DEL NÚMERO DE CONTROL

  • campo de control: OSt

005 - FECHA Y HORA DE LA ÚLTIMA TRANSACCIÓN

  • campo de control: 20200615034620.0

008 - DATOS DE LONGITUD FIJA

  • campo de control de longitud fija: 200615|| aca||aabn | a|a d

040 ## - FUENTE DE LA CATALOGACIÓN

  • Centro catalogador/agencia de origen: OSt
  • Centro/agencia transcriptor: OSt

150 ## - ENCABEZAMIENTO--TÉRMINO DE MATERIA

  • Término de materia o nombre geográfico como elemento de entrada: FARMACIA
  • Subdivisión general: CONGRESOS, CONFERENCIAS , ETC

670 ## - FUENTE DE DATOS ENCONTRADOS

  • Cita de la fuente: Work cat.: (OSt)26990: Congreso Panamericano de Farmacia y Bioquimica (13avo 1988, nov. 27-dic. 3 Santo Domingo) 54582, Memorias del XIII Congreso Panamericano de Farmacia ; Bioquimica y XVI Congreso Centroamericano y el Caribe de Ciencias Farmaceuticas =, 1990.

Con tecnología Koha